Revised new rent notices for Assured Periodic Tenancies (Record no. 69706)
[ view plain ]
| 000 -LEADER | |
|---|---|
| fixed length control field | 01133cam a2200229 4500 |
| 001 - CONTROL NUMBER | |
| control field | WB3809-22 |
| 008 - FIXED-LENGTH DATA ELEMENTS--GENERAL INFORMATION | |
| fixed length control field | 020306n2002 000 0 eng u |
| 035 ## - SYSTEM CONTROL NUMBER | |
| System control number | (Sirsi) u117016 |
| 245 ## - TITLE STATEMENT | |
| Title | Revised new rent notices for Assured Periodic Tenancies |
| 260 ## - PUBLICATION, DISTRIBUTION, ETC. | |
| Date of publication, distribution, etc. | 2002 |
| 490 ## - SERIES STATEMENT | |
| Series statement | RICS Residential Faculty News |
| Volume/sequential designation | 4 March 2002 (1) |
| 520 ## - SUMMARY, ETC. | |
| Summary, etc. | From 20 February 2002, both registered social landlord and private landlords will be able to take advantage of a new statutory form of Landlords Notice for rent reviews under an Assured Periodic Tenancy. Existing forms will be revoked from 20 June 2002 although they can be used throughout the four month overlap period. A notice proposing new rent and National Housing Federation guidance can be viewed via the link http://www.rics.org/ricscms/bin/show?class=News&template=/includes/shownews.html&id=2005 |
| 590 ## - LOCAL NOTE (RLIN) | |
| Local note | WB |
| 650 ## - SUBJECT ADDED ENTRY--TOPICAL TERM | |
| Topical term or geographic name entry element | DTLR |
| 650 ## - SUBJECT ADDED ENTRY--TOPICAL TERM | |
| Topical term or geographic name entry element | ASSURED PERIODIC TENANCIES |
| 650 ## - SUBJECT ADDED ENTRY--TOPICAL TERM | |
| Topical term or geographic name entry element | SOCIAL LANDLORDS |
| 650 ## - SUBJECT ADDED ENTRY--TOPICAL TERM | |
| Topical term or geographic name entry element | PRIVATE LANDLORDS |
| 650 ## - SUBJECT ADDED ENTRY--TOPICAL TERM | |
| Topical term or geographic name entry element | RENT REVIEWS |
| 650 ## - SUBJECT ADDED ENTRY--TOPICAL TERM | |
| Topical term or geographic name entry element | NATIONAL HOUSING FEDERATION |
| 690 ## - LOCAL SUBJECT ADDED ENTRY--TOPICAL TERM (OCLC, RLIN) | |
| Topical term or geographic name as entry element | LANDLORD AND TENANT-RENT REVIEWS |
| 942 ## - ADDED ENTRY ELEMENTS (KOHA) | |
| Suppress in OPAC | 0 |
| Withdrawn status | Lost status | Source of classification or shelving scheme | Damaged status | Not for loan | Home library | Current library | Shelving location | Date acquired | Total Checkouts | Full call number | Barcode | Date last seen | Copy number | Price effective from | Koha item type |
|---|---|---|---|---|---|---|---|---|---|---|---|---|---|---|---|
| Dewey Decimal Classification | London | London | News article | 06/03/2002 | WB3809-22 | 117016-1001 | 06/08/2019 | 1 | 06/08/2019 | News article |